000 00936nam0a2200265 4500
001 RU\NLR\BIBL_A\012171132
005 20250623221124.0
035 _a(NLR Aleph) 012171132
090 _a12241983
_c12241983
100 _a20191224d1927 |||y0rusy50 ca
101 0 _ainh
102 _aRU
105 _ay z 000 y
200 1 _aКооператив яхар финй -хIанна эш из?
_fР. Арский
_gтаржам Овша н. I.-В.
210 _aВладикавказ
_cКрайнациздат
_d1927
215 _a42 с.
_d23
225 1 _aЮртара совети коопераци
300 _aЛатин. графика
541 1 _aЧто такое кооператив в деревне и кому он нужен?
_zrus
686 1 _aУ9(2)321.88
700 1 _aАрский
_bР.
_f1886-1934
_4070
852 _aNLR
_bОНЛ
_jИнгуш./3-241
942 _cBOOK
980 _aNB